000 00391nam a22001697a 4500
003 MPLRDC
005 20220104114030.0
008 210129b ||||| |||| 00| 0 eng d
020 _a962-257-905-1
082 _a848.4 YGL
100 _a严歌苓
245 _a扶桑
_c
260 _a
_b天地图书有限公司
_c1996
300 _b
650 _a现代别集
942 _cBK
_o848.4 YGL
999 _c4282
_d4272